Les 10 Pays au taux de meurtre le plus élevé - Statistiques

Statistiques générales
  • Ce quiz a été pris 260 fois
  • Le résultat moyen est 3 sur 10
Statistiques - réponses
Taux d'homicides par 100k habitants Pays % Correct
26.11 Mexique
86%
25.38 Colombie
83%
35.09 Honduras
40%
26.99 Equateur
31%
53.34 Jamaique
24%
27.88 Belize
22%
31.22 Bahamas
11%
36.7 Sainte Lucie
11%
39.52 Trinité et Tobago
11%
40.41 Saint - Vincent et les Grenadines
10%
Aucun quiz correspondant
Distribution des résultats
% des personnes avec chaque résultat
Percentile par nombre de réponses
Votre historique - résultats
Vous n’avez pas pris ce quiz